Catálogo
 En Linea

El Callejón de los Recuerdos : (Registro nro. 48836)

Detalles MARC
000 -CABECERA
campo de control de longitud fija 01010nam a22002537a 4500
003 - IDENTIFICADOR DEL NÚMERO DE CONTROL
campo de control DO-SdBNP
005 - FECHA Y HORA DE LA ÚLTIMA TRANSACCIÓN
campo de control 20240412074307.0
007 - CAMPO FIJO DE DESCRIPCIÓN FÍSICA--INFORMACIÓN GENERAL
campo de control de longitud fija ta
008 - DATOS DE LONGITUD FIJA--INFORMACIÓN GENERAL
campo de control de longitud fija 201007e2010 ao10er 001 jdspa d
040 ## - FUENTE DE LA CATALOGACIÓN
Centro catalogador/agencia de origen DO-SdBNP
Lengua de catalogación spa
Centro/agencia transcriptor BNPHU
082 ## - NÚMERO DE LA CLASIFICACIÓN DECIMAL DEWEY
Número de documento/Ítem P197c
100 1# - ENTRADA PRINCIPAL--NOMBRE DE PERSONA
Nombre de persona Pantaleón Henríquez, Yris Josefina,
Fechas asociadas al nombre 1946-
9 (RLIN) 76792
245 10 - MENCIÓN DE TÍTULO
Título El Callejón de los Recuerdos :
Resto del título doce relatos que tratan la vida real de las décadas cincuenta y sesenta del siglo xx en la comunidad de conuco /
Mención de responsabilidad, etc. Yris Josefina Pantaleón Henríquez ; prólogo y edición, Pedro Carreras Aguilera.
260 ## - PUBLICACIÓN, DISTRIBUCIÓN, ETC.
Lugar de publicación, distribución, etc. San Francisco de Macorís, República Dominicana :
Nombre del editor, distribuidor, etc. Angeles de Fierro,
Fecha de publicación, distribución, etc. 2010
300 ## - DESCRIPCIÓN FÍSICA
Extensión 98 p. ;
Dimensiones 20 cm.
490 ## - MENCIÓN DE SERIE
Mención de serie Tinta de Taller
500 ## - NOTA GENERAL
Nota general Incluye datos biográficos de la autora en las solapas
590 ## - NOTA LOCAL (RLIN)
Nota local Inventariado 2023 /MF
650 #0 - PUNTO DE ACCESO ADICIONAL DE MATERIA--TÉRMINO DE MATERIA
Término de materia o nombre geográfico como elemento de entrada Literatura dominicana.
9 (RLIN) 67
650 #4 - PUNTO DE ACCESO ADICIONAL DE MATERIA--TÉRMINO DE MATERIA
9 (RLIN) 7308
Término de materia o nombre geográfico como elemento de entrada Cuentos dominicanos
700 1# - PUNTO DE ACCESO ADICIONAL--NOMBRE DE PERSONA
Nombre de persona Carreras Aguilera, Pedro,
Término indicativo de función/relación prólogo
9 (RLIN) 76793
910 ## - DATOS DE OPCIÓN DEL USUARIO (OCLC)
Datos de opción del usuario MFeliz
942 ## - ELEMENTOS DE PUNTO DE ACCESO ADICIONAL (KOHA)
Fuente del sistema de clasificación o colocación Dewey Decimal Classification
Tipo de ítem Koha Libro
Existencias
Estado de retiro Estado de pérdida Fuente del sistema de clasificación o colocación Restricciones de uso No para préstamo Código de colección Localización permanente Ubicación/localización actual Ubicación en estantería Fecha de adquisición Signatura topográfica completa Código de barras Fecha visto por última vez Precio válido a partir de Tipo de ítem Koha Número de copia Fuente de adquisición
    Dewey Decimal Classification Excluido de préstamo   Patrimonio Dominicano Biblioteca Nacional Pedro Henríquez Ureña Biblioteca Nacional Pedro Henríquez Ureña En catalogación 07.10.2020 P197c 2023-0769 07.10.2020 07.10.2020 Libro    
    Dewey Decimal Classification Excluido de préstamo   Patrimonio Dominicano Biblioteca Nacional Pedro Henríquez Ureña Biblioteca Nacional Pedro Henríquez Ureña En catalogación 07.10.2020 P197c   07.10.2020 07.10.2020 Libro e. 2  
    Dewey Decimal Classification Préstamo en sala   Dominicana de Servicio Biblioteca Nacional Pedro Henríquez Ureña Biblioteca Nacional Pedro Henríquez Ureña En catalogación 07.10.2020 P197c 2023-0768 07.10.2020 07.10.2020 Libro e. 3  
    Dewey Decimal Classification Préstamo en sala   Dominicana de Servicio Biblioteca Nacional Pedro Henríquez Ureña Biblioteca Nacional Pedro Henríquez Ureña En catalogación 19.03.2021 P197c 2023-0767 08.02.2023 08.02.2023 Libro e.4 Donado por Cesal A. Castillo

Con tecnología Koha